[Event "Kassel op"]
[Site "Kassel"]
[Date "1999.05.23"]
[Round "4"]
[White "Bruchmann, Stephan"]
[Black "Lingelmann, Andreas"]
[Result "1-0"]
[WhiteElo "2200"]
[BlackElo "2155"]

1.e4 c5 2.Nf3 Nc6 3.Bb5 g6 4.O-O Bg7 5.Re1 e6 6.Bxc6 bxc6 7.e5 Ne7 8.Nc3 f6
9.exf6 Bxf6 10.Ne4 O-O 11.Nxc5 Nf5 12.d4 Qe7 13.c3 Nh4 14.Nd2 Bg5 15.Qe2 Qf7
16.Nde4 Bxc1 17.Raxc1 Qf4 18.Qe3 e5 19.Qxf4 exf4 20.Nd6 f3 21.g3 Nf5 22.Nxc8 Raxc8
23.Nxd7 Rfd8 24.Ne5 c5 25.Nxf3 cxd4 26.Nxd4 Nxd4 27.cxd4 Rb8 28.Re2 Rxd4
29.Rc7 a5 30.Ree7 Rd2 31.Rg7+ Kh8 32.Rxh7+ Kg8 33.Rcg7+ Kf8 34.Rh8+  1-0

[Event "CRO-Cup"]
[Site "Pula"]
[Date "1999.05.28"]
[Round "5"]
[White "Fercec, Nenad"]
[Black "Vujakovic, Branko"]
[Result "1/2-1/2"]
[WhiteElo "2495"]
[BlackElo "2385"]

1.e4 c5 2.Nf3 Nc6 3.Bb5 g6 4.Bxc6 bxc6 5.d3 Bg7 6.O-O d6 7.h3 e5 8.Nc3 Ne7
9.a3 O-O 10.b4 cxb4 11.axb4 Bb7 12.Be3 c5 13.bxc5 d5 14.c6 Bxc6 15.Bxa7 Qd6
16.exd5 Nxd5 17.Ne4 Qc7 18.Bc5 Rxa1 19.Qxa1 Ra8 20.Qb2 Nf4 21.Bd6 Qb7 22.Qxb7 Bxb7
23.Bxe5 Bxe5 24.Nxe5 Bxe4 25.dxe4 Re8 26.Ng4 Kg7 27.f3 f5 28.Ne3 fxe4 29.fxe4 Ne2+
30.Kf2 Nc3 31.Ra1 Nxe4+ 32.Ke2 h5 33.c4 Re6 34.Ra3 Kf6 35.Kd3 Ke5 36.Ra5+ Kf4
37.Kd4 h4 38.Nd5+ Kg3 39.Ra3+ Kh2 40.Nf4 Re8 41.Nxg6 Nd6 42.Nxh4 Rd8 43.Kc5 Ne4+
44.Kc6 Rh8 45.Nf5 Kxg2 46.Re3 Nf2 47.h4 Rf8 48.Nd6 Rh8 49.Nf5 Rf8 50.Re5 Nd3
51.Re2+ Nf2 52.Nd6 Kf3 53.Re7 Rh8 54.Rf7+ Kg3 55.Nf5+ Kg4 56.c5 Nd3 57.Kd6 Nxc5
58.Ne3+ Kxh4  1/2-1/2

[Event "Budapest FS06 IM"]
[Site "Budapest"]
[Date "1999.06.09"]
[Round "5"]
[White "Szirmai, Eduard"]
[Black "Dembo, Yelena"]
[Result "1/2-1/2"]
[WhiteElo "2208"]
[BlackElo "2180"]

1.e4 c5 2.Nf3 Nc6 3.Bb5 g6 4.O-O Bg7 5.Re1 e5 6.c3 Nge7 7.d3 O-O 8.Be3 d6
9.a4 h6 10.d4 cxd4 11.cxd4 Bg4 12.dxe5 dxe5 13.Be2 Be6 14.Nbd2 f5 15.Bc5 Rc8
16.Bc4 Bxc4 17.Nxc4 Nd4 18.Bxd4 exd4 19.Qb3 Kh7 20.e5 Qd5  1/2-1/2

[Event "Salongernas Elo"]
[Site "Stockholm"]
[Date "1999.06.09"]
[Round "5"]
[White "Hjelm, Niclas"]
[Black "Holving, Rasmus"]
[Result "1-0"]
[WhiteElo "2306"]
[BlackElo "2130"]

1.Nf3 c5 2.e4 Nc6 3.Bb5 f5 4.d3 Qa5+ 5.Nc3 Nd4 6.Bc4 b5 7.Bd5 Rb8 8.Bxg8 Rxg8
9.O-O b4 10.Nd5 e6 11.Nxd4 cxd4 12.Qh5+ g6 13.Nf6+ Kf7 14.Qh4 Be7 15.Bg5 Rh8
16.Nxh7 Bxg5 17.Nxg5+ Kg7 18.Qg3 Rb6 19.Nf3 Rh5 20.Ne5 Rh6 21.Nc4 Qc5 22.Nxb6 axb6
23.exf5 Bb7 24.fxe6 dxe6 25.Rae1 Rh5 26.f4 Bd5  1-0

[Event "CCA ChessWise op"]
[Site "Stratton Mountain"]
[Date "1999.06.16"]
[Round "8"]
[White "Young, Ronald"]
[Black "Hoekstra, Matthew"]
[Result "1/2-1/2"]
[WhiteElo "2299"]
[BlackElo "2171"]

1.e4 c5 2.Nf3 Nc6 3.Bb5 d6 4.O-O Bd7 5.Re1 Nf6 6.c3 a6 7.Bf1 Bg4 8.Na3 e6
9.Nc2 Be7 10.d3 d5 11.Bg5 dxe4 12.dxe4 Qb6 13.Rb1 Rd8 14.Qe2 O-O 15.h3 Bxf3
16.Qxf3 Nxe4 17.Rxe4 Bxg5 18.Qg3 Bf6 19.Ne3 g6 20.Nc4 Qa7 21.Qe3 Be7 22.h4 b5  1/2-1/2

[Event "Petrosian mem"]
[Site "Moscow"]
[Date "1999.06.19"]
[Round "2"]
[White "Spassky, Boris V"]
[Black "Ivkov, Borislav"]
[Result "1/2-1/2"]
[WhiteElo "2549"]
[BlackElo "2444"]

1.e4 c5 2.Nf3 Nc6 3.Bb5 d6 4.O-O Bd7 5.c3 a6 6.Ba4 Nf6 7.Re1 e5 8.d3 b5 9.Bb3 Na5
10.Bc2 Be7 11.Nbd2 O-O 12.Nf1 Re8 13.d4 cxd4 14.cxd4 Nc6 15.Ne3 Qb6 16.d5 Nb4
17.Bb1  1/2-1/2

[Event "Hotel Irottko IM"]
[Site "Koszeg"]
[Date "1999.06.25"]
[Round "3"]
[White "Pilz, Dieter"]
[Black "Kiss, Pal"]
[Result "1/2-1/2"]
[WhiteElo "2262"]
[BlackElo "2436"]

1.e4 c5 2.Nf3 Nc6 3.Bb5 g6 4.O-O Bg7 5.Nc3 Nd4 6.Nxd4 cxd4 7.Ne2 a6 8.Ba4 b5
9.Bb3 Bb7 10.d3 d5 11.Ng3 Nf6 12.Re1 O-O 13.Bg5 dxe4 14.Bxf6 Bxf6 15.Nxe4 Bg7
16.a4  1/2-1/2

[Event "Ljubljana op 10th"]
[Site "Ljubljana"]
[Date "1999.06.27"]
[Round "3"]
[White "Mazi, Leon"]
[Black "Podlesnik, Bogdan"]
[Result "0-1"]
[WhiteElo "2405"]
[BlackElo "2409"]

1.e4 c5 2.Nf3 Nc6 3.Bb5 e6 4.Bxc6 bxc6 5.d3 Ne7 6.Bd2 d5 7.Qe2 f6 8.Nc3 e5
9.Nh4 Be6 10.exd5 cxd5 11.f4 Nc6 12.Nf3 Bg4 13.O-O-O Nd4 14.Qf2 Bxf3 15.gxf3 exf4
16.Rde1+ Kf7 17.Bxf4 Qd7 18.Be3 Ne6 19.d4 c4 20.f4 Bb4 21.f5 Nc7 22.Bd2 Bxc3
23.Bxc3 Rhe8 24.Qf4 Rxe1+ 25.Rxe1 Re8 26.Rxe8 Nxe8 27.Bb4 g5 28.fxg6+ hxg6
29.b3 Ng7 30.Qb8 g5 31.Bc5 a6 32.Qa8 Qe6 33.bxc4 dxc4 34.Kb2 Ne8 35.d5 Qe5+
36.c3 Qxh2+ 37.Ka3 Nc7 38.Qb7 Kg6 39.Bb6 Nb5+ 40.Kb4 Qc2 41.Qb8 Qxc3+  0-1

[Event "Andorra la Vella op"]
[Site "Andorra la Vella"]
[Date "1999.06.29"]
[Round "4"]
[White "Westerinen, Heikki MJ"]
[Black "Cosma, Elena Luminita"]
[Result "1-0"]
[WhiteElo "2399"]
[BlackElo "2365"]

1.e4 c5 2.Nf3 Nc6 3.Bb5 g6 4.O-O Bg7 5.Re1 Nf6 6.e5 Nd5 7.Nc3 Nc7 8.Bxc6 dxc6
9.h3 Ne6 10.d3 O-O 11.a4 Qc7 12.a5 Bd7 13.Ra4 Rad8 14.a6 b6 15.Rh4 Bc8 16.Bh6 Bxh6
17.Rxh6 Kg7 18.Qd2 f6 19.Rh4 g5 20.exf6+ exf6 21.Rhe4 Qf7 22.Ne2 Rfe8 23.Qc3 Kg6
24.Ng3 Nf4 25.d4 Rxe4 26.Rxe4 Qd5 27.Kh2 c4 28.Qa3 Qd6 29.Qe3 Nd5 30.Qe2 b5
31.Re8 Bf5 32.Rxd8 Qxd8 33.Nxf5 Kxf5 34.Nh4+  1-0

[Event "Hotel Irottko IM"]
[Site "Koszeg"]
[Date "1999.06.29"]
[Round "7"]
[White "Ruck, Tamas"]
[Black "Kiss, Pal"]
[Result "1/2-1/2"]
[WhiteElo "2321"]
[BlackElo "2436"]

1.e4 c5 2.Nf3 Nc6 3.Bb5 g6 4.Bxc6 dxc6 5.h3 e5 6.d3 f6 7.Be3 Nh6 8.Qd2 Nf7
9.Nh2 Bd6 10.a4 Be6 11.O-O O-O 12.Qc3 b6 13.Nd2 g5 14.Rae1 Nh8 15.h4 gxh4  1/2-1/2

[Event "EUCup99 (Women)"]
[Site "Nova Gorica"]
[Date "1999.06.29"]
[Round "2"]
[White "Sedina, Elena"]
[Black "Mira, Helene"]
[Result "1-0"]
[WhiteElo "2374"]
[BlackElo "2177"]

1.e4 c5 2.Nf3 Nc6 3.Bb5 a6 4.Bxc6 dxc6 5.h3 e5 6.d3 Qd6 7.Be3 Ne7 8.Nbd2 Ng6
9.O-O Be7 10.a3 Be6 11.Qe2 O-O 12.c3 b5 13.b4 cxb4 14.axb4 Qc7 15.d4 a5 16.bxa5 Rxa5
17.dxe5 Rfa8 18.Rxa5 Qxa5 19.Qd3 b4 20.cxb4 Bxb4 21.Rb1 Ba2 22.Rc1 Nxe5 23.Nxe5 Qxe5
24.Rxc6 Bxd2 25.Bxd2 Qe8 26.Rd6 Rb8 27.Bc3 f6 28.Qd4 Bf7 29.f4 Qb5 30.Kh2 Re8
31.Rxf6 gxf6 32.Qxf6 Kf8 33.Qd6+ Re7 34.Bb4 Qb7 35.Qh6+ Ke8 36.Bxe7 Qxe7
37.Qxh7 Qf6 38.Kg3 Qc3+ 39.Kg4 Qc8+ 40.f5 Qc3 41.Qh6 Qc2 42.Qh8+ Ke7 43.Qe5+ Kd7
44.Qd4+ Ke7 45.Kg3 Qc1 46.Qe5+ Kd7 47.Qf4 Qc3+ 48.Kg4 Qg7+ 49.Kf3 Qc3+ 50.Qe3 Qe5
51.Qd2+ Ke8 52.g4 Ke7 53.h4 Be8 54.Qb4+ Kf7 55.g5 Qh2 56.g6+ Kg8 57.Qc4+ Kg7
58.Qd4+ Kg8 59.Qf2 Qh1+ 60.Kf4 Qc1+ 61.Kg4 Qd1+ 62.Kg5 Qc1+ 63.Qf4 Qg1+ 64.Kh6 Qc5
65.f6 Qf8+ 66.Kh5 Bxg6+ 67.Kxg6 Qg7+ 68.Kf5 Qd7+ 69.Kg5 Kf7 70.h5 Qd8 71.e5 Qg8+
72.Kh4 Qd8 73.Qc4+ Kf8 74.Qb4+ Ke8  1-0

[Event "EUCup99 (Women)"]
[Site "Nova Gorica"]
[Date "1999.07.01"]
[Round "4"]
[White "Peptan, Corina"]
[Black "Beltz, Martina"]
[Result "1-0"]
[WhiteElo "2427"]
[BlackElo "2190"]

1.e4 c5 2.Nf3 Nc6 3.Bb5 Nd4 4.Nxd4 cxd4 5.O-O a6 6.Bc4 e6 7.d3 b5 8.Bb3 Bb7
9.Nd2 g6 10.f4 Ne7 11.Qe2 Qc7 12.Nf3 Bg7 13.Qf2 Nc6 14.f5 gxf5 15.exf5 Ne5
16.Ng5 O-O-O 17.Bf4 Qc6 18.Rae1 h6 19.Ne4 exf5 20.Ng3 Ng4 21.Nxf5 Rde8 22.Nd6+ Qxd6
23.Bxd6 Nxf2 24.Kxf2 f5 25.Bf7 Re3 26.Rxe3 dxe3+ 27.Kxe3 Bxb2 28.g3 f4+ 29.gxf4 Rh7
30.Rg1 Rh8 31.c3 Bc6 32.Kd2 b4 33.Bxb4 a5 34.Bd6  1-0

[Event "Ljubljana op 10th"]
[Site "Ljubljana"]
[Date "1999.07.02"]
[Round "8"]
[White "Gruskovnjak, Tomislav"]
[Black "Ipavec, Petra"]
[Result "0-1"]
[WhiteElo "2222"]
[BlackElo "2091"]

1.e4 c5 2.Nf3 Nc6 3.Bb5 e6 4.O-O Nge7 5.Re1 a6 6.Bf1 d5 7.exd5 Nxd5 8.d4 Nf6
9.Be3 Ng4 10.d5 Nxe3 11.Rxe3 Be7 12.c4 O-O 13.Nc3 exd5 14.cxd5 Na5 15.Qe1 Bf6
16.Rd1 Bg4 17.Na4 Bd4 18.Ra3 b5 19.Nxc5 Bxc5 20.b4 Bd6 21.Rxa5 Bxf3 22.gxf3 Qh4
23.Bg2 Bxb4  0-1

[Event "Ljubljana op 10th"]
[Site "Ljubljana"]
[Date "1999.07.02"]
[Round "8"]
[White "Kogan, Artur"]
[Black "Sveshnikov, Evgeny"]
[Result "1/2-1/2"]
[WhiteElo "2507"]
[BlackElo "2563"]

1.e4 c5 2.Nf3 Nc6 3.Bb5 e6 4.O-O Nge7 5.Nc3 Ng6 6.d4 cxd4 7.Nxd4 Be7 8.Be3 O-O
9.Qh5 Nxd4 10.Bxd4 f5 11.f4 Qc7 12.Bd3 Nxf4 13.Nb5 Bc5 14.c3 Bxd4+ 15.cxd4 Qb8
16.Qg5 fxe4 17.Bxe4 d5 18.Bxh7+ Kxh7 19.Qe7 Rf6 20.g3 Ng6 21.Qd8 Rxf1+ 22.Rxf1 e5
23.Qg5 Bd7  1/2-1/2

[Event "Andorra la Vella op"]
[Site "Andorra la Vella"]
[Date "1999.07.03"]
[Round "8"]
[White "Campora, Daniel H"]
[Black "Agopov, Mikael"]
[Result "1-0"]
[WhiteElo "2553"]
[BlackElo "2398"]

1.e4 c5 2.Nf3 Nc6 3.Bb5 g6 4.O-O Bg7 5.c3 Nf6 6.Re1 O-O 7.h3 Ne8 8.d4 cxd4
9.cxd4 Nc7 10.Ba4 d5 11.e5 Bf5 12.Nc3 Rc8 13.Bxc6 bxc6 14.Na4 Ne6 15.Ng5 Nxg5
16.Bxg5 h6 17.Bd2 g5 18.Rc1 Kh7 19.Nc5 Rg8 20.g4 Bg6 21.Bb4 e6 22.Qd2 Bf8
23.Na4 f5 24.exf6 Qxf6 25.Bxf8 Rgxf8 26.Nc5 Be4 27.Rc3 Qg6 28.Ree3 Rf4 29.f3 Rcf8
30.Nd7 Rxf3 31.Rxf3 Rxf3 32.Rxf3  1-0

[Event "EUCup99 (Women)"]
[Site "Nova Gorica"]
[Date "1999.07.03"]
[Round "5"]
[White "Kovalevskaya, Ekaterina"]
[Black "Shumiakina, Tatiana"]
[Result "1-0"]
[WhiteElo "2494"]
[BlackElo "2407"]

1.e4 c5 2.Nf3 Nc6 3.Bb5 e6 4.Bxc6 bxc6 5.b3 d6 6.O-O e5 7.c3 f5 8.exf5 Bxf5
9.d4 e4 10.Re1 Be7 11.dxc5 d5 12.Nd4 Qd7 13.b4 Nf6 14.Bf4 O-O 15.Nd2 Bg6
16.h3 a5 17.a3 h6 18.Be3 Kh8 19.N2b3 Bh5 20.Qc2 axb4 21.axb4 Rxa1 22.Rxa1 g5
23.Ne2 Ne8 24.Nbd4 g4 25.hxg4 Bxg4 26.Bxh6 Rg8 27.Ng3 Ng7 28.Ra6 Nh5 29.Rxc6 Bh4
30.Qd2 Qf7 31.Nxh5 Qxh5 32.Be3 Rg6 33.Rxg6 Qxg6 34.Qa2 Bh3 35.Qa8+ Kh7 36.Qb7+ Kh8
37.Qb8+ Kh7 38.Qh2 Qh5 39.Qxh3 Kg8 40.Qc8+ Kh7 41.Qf5+  1-0

[Event "EUCup99 (Women)"]
[Site "Nova Gorica"]
[Date "1999.07.04"]
[Round "6"]
[White "Ioseliani, Nana"]
[Black "Mashinskaya, Iulia"]
[Result "1-0"]
[WhiteElo "2493"]
[BlackElo "2354"]

1.e4 c5 2.Nf3 Nc6 3.Bb5 Na5 4.O-O a6 5.Be2 Nf6 6.e5 Nd5 7.d4 cxd4 8.Qxd4 e6
9.c4 Nc6 10.Qe4 Nde7 11.h4 Nf5 12.Nc3 Bc5 13.Qf4 O-O 14.Ne4 Nfd4 15.Bd3 Nxf3+
16.gxf3 Bd4 17.Nf6+ gxf6 18.Bxh7+ Kxh7 19.Qh6+ Kg8 20.Kh1 Nxe5 21.Rg1+ Ng6
22.h5 f5 23.hxg6 fxg6 24.Rxg6+  1-0

[Event "EUCup99 (Women)"]
[Site "Nova Gorica"]
[Date "1999.07.04"]
[Round "6"]
[White "Zaksaite, Salomeja"]
[Black "Prudnikova, Svetlana"]
[Result "1/2-1/2"]
[WhiteElo "2070"]
[BlackElo "2415"]

1.e4 c5 2.Nf3 Nc6 3.Bb5 e6 4.O-O Nge7 5.b3 Ng6 6.Bb2 f6 7.Bxc6 bxc6 8.d4 cxd4
9.Nxd4 Be7 10.c4 O-O 11.Nc3 Qc7 12.Qd2 a6 13.Rfd1 Bb7 14.Nde2 Rad8 15.Rac1 c5
16.f3 f5 17.Ng3 fxe4 18.Ncxe4 d5 19.cxd5 exd5 20.Qc3 Ne5 21.Qxe5 Qxe5 22.Bxe5 dxe4
23.Nxe4 Bxe4 24.fxe4 Bg5 25.Rxd8 Rxd8 26.Rc4 Re8 27.Bd6 Be3+ 28.Kf1 Rxe4
29.Bxc5 Bxc5 30.Rxc5 Re6 31.Rc7 h5 32.Kf2 Kh7 33.Kf3 Kg6 34.Rc4 Kf6 35.Rf4+ Kg6
36.Re4 Rd6 37.Ke3 Kf5 38.Rd4 Re6+ 39.Kd2 g5 40.Kc3 Rc6+ 41.Rc4 Re6 42.b4 Re2
43.a4 Rxg2 44.b5 axb5 45.axb5 Re2 46.b6 Re8 47.b7 Rb8 48.Rb4 g4 49.Kd3 h4
50.Ke3 Re8+ 51.Kf2 Rb8 52.Kg2 Kg5 53.Kf2  1/2-1/2

[Event "SVK-ch"]
[Site "Nove Zamky"]
[Date "1999.07.04"]
[Round "2"]
[White "Vacek, Ondrej"]
[Black "Markos, Jan"]
[Result "0-1"]
[WhiteElo "2034"]
[BlackElo "2248"]

1.e4 c5 2.Nf3 Nc6 3.Bb5 g6 4.Bxc6 bxc6 5.O-O Bg7 6.Re1 Ba6 7.d3 Rb8 8.c3 Nf6
9.e5 Nd5 10.c4 Nc7 11.Nc3 O-O 12.b3 f6 13.Bb2 fxe5 14.Nxe5 Bb7 15.Na4 d6
16.Nf3 Bxb2 17.Nxb2 e5 18.Qe2 Ne6 19.Na4 Nf4 20.Qe3 Qd7 21.Nxe5 dxe5 22.Nxc5 Qg4
23.Qf3 Qxf3 24.gxf3 Rf5 25.Rad1 Bc8 26.Ne4 Nh3+ 27.Kg2 Ng5 28.Ng3 Nxf3 29.Nxf5 Nxe1+
30.Rxe1 Bxf5 31.Rxe5 Bxd3 32.Re7 a6 33.Ra7 Rb6 34.Ra8+ Kg7 35.Ra7+ Kh6 36.Rc7 Bb1
37.c5 Rb5 38.Ra7 a5 39.a4 Rxc5 40.b4 axb4 41.a5 b3  0-1

[Event "EUCup99 (Women)"]
[Site "Nova Gorica"]
[Date "1999.07.05"]
[Round "7"]
[White "Peptan, Corina"]
[Black "Shumiakina, Tatiana"]
[Result "1/2-1/2"]
[WhiteElo "2427"]
[BlackElo "2407"]

1.e4 c5 2.Nf3 Nc6 3.Bb5 e6 4.O-O Nge7 5.Re1 Nd4 6.Nxd4 cxd4 7.d3 Nc6 8.Nd2 a6
9.Bxc6 dxc6 10.e5 c5 11.Qg4 Bd7 12.Ne4 Bc6 13.Nd6+ Bxd6 14.Qxg7 Kd7 15.exd6 Qg8
16.Qg3 Qxg3 17.hxg3 f6 18.Bd2 Kxd6 19.b4 cxb4 20.Bxb4+ Kd7 21.f3 Bd5 22.c4 dxc3
23.Bxc3 Ke7 24.g4 Rhc8 25.Bd4 Rc2 26.a3 Rac8 27.Be3 R8c3 28.Rac1 Rxc1 29.Rxc1 Rxd3
30.Kf2 Kf7 31.Bc5 Rd2+ 32.Kg3 Bc6 33.Rh1 Kg7 34.Re1 Rc2 35.Bb4 Bd5 36.Re3 Ra2
37.Rc3 Bc6 38.Rd3 Bd5 39.Rc3 Bc6 40.Rd3 e5 41.Rd8 e4 42.fxe4 Bxe4 43.Rd7+ Kg8
44.Rd8+ Kf7 45.Rd7+ Kg6 46.Rd2 Rxd2 47.Bxd2 Kf7 48.Kf2 Ke6 49.g3 Kd5 50.Ke3 Bg6
51.Bc3 Kc4 52.Bxf6 Kb3 53.Be7 b5 54.Bb4 Bb1 55.Kd4 a5  1/2-1/2

[Event "EUCup99 (Women)"]
[Site "Nova Gorica"]
[Date "1999.07.05"]
[Round "7"]
[White "Mashinskaya, Iulia"]
[Black "Borek, Jutta"]
[Result "1-0"]
[WhiteElo "2354"]
[BlackElo "2122"]

1.e4 c5 2.Nf3 Nc6 3.Bb5 e6 4.Bxc6 bxc6 5.d3 Be7 6.O-O d6 7.e5 d5 8.Qe2 h5
9.c4 Nh6 10.Nc3 Nf5 11.Na4 Nd4 12.Qd1 Qc7 13.Re1 Qa5 14.Nxd4 cxd4 15.Bd2 Qa6
16.Rc1 Bd7 17.b4 Rb8 18.Qb3 c5 19.b5 dxc4 20.dxc4 Qb7 21.Nb2 h4 22.h3 a6
23.a4 Bc6 24.f3 axb5 25.axb5 Qc7 26.Nd3 Bb7 27.Ra1 O-O 28.Ra7 Ra8 29.Rea1 Rxa7
30.Rxa7 Ra8 31.Qa4 Rxa7 32.Qxa7 f6 33.Ba5 Qc8 34.exf6 gxf6 35.Bb6 Bd6 36.Bxc5 Bb8
37.Qa5 e5 38.Qd2 e4 39.Qh6 exf3 40.Qg6+ Kh8 41.Qxf6+ Kh7 42.Qf7+ Kh6 43.Bxd4  1-0

[Event "SVK-ch"]
[Site "Nove Zamky"]
[Date "1999.07.05"]
[Round "3"]
[White "Sarana, Oksana"]
[Black "Detko, Jan"]
[Result "1-0"]
[WhiteElo "2342"]
[BlackElo "2104"]

1.e4 c5 2.Nf3 Nc6 3.Bb5 g6 4.Bxc6 dxc6 5.h3 Bg7 6.d3 Qc7 7.O-O e5 8.Be3 b6
9.a4 a5 10.Na3 Ne7 11.Nc4 O-O 12.Qe2 h6 13.Qd2 Kh7 14.Qc3 f6 15.Qa3 Re8 16.c3 f5
17.Qb3 Rb8 18.Ncxe5 Nd5 19.exd5 Bxe5 20.Nxe5 Qxe5 21.dxc6 Be6 22.Qb5 f4 23.Bd2 f3
24.Rfe1 Qc7 25.Re4 g5 26.Rae1 Bf7 27.d4 Rxe4 28.Rxe4 fxg2 29.Re5 Rc8 30.Qd3+ Kg8
31.h4 Qxc6 32.hxg5 hxg5 33.Rxg5+ Kf8 34.Qh7 Qf6 35.Rf5  1-0

[Event "Budapest FS07 IM"]
[Site "Budapest"]
[Date "1999.07.09"]
[Round "7"]
[White "Balogh, Csaba"]
[Black "Vadasz, Laszlo"]
[Result "1-0"]
[WhiteElo "2235"]
[BlackElo "2275"]

1.e4 c5 2.Nf3 Nc6 3.Bb5 e6 4.O-O Nge7 5.Re1 a6 6.Bf1 g6 7.c3 Bg7 8.d4 cxd4
9.cxd4 d5 10.e5 Nf5 11.Nc3 Qb6 12.Na4 Qa7 13.Be3 Nxe3 14.fxe3 O-O 15.Rc1 Bd7
16.Nc5 Rad8 17.a3 Bc8 18.b4 f6 19.exf6 Bxf6 20.Nxa6 e5 21.b5 exd4 22.bxc6 dxe3
23.Nc5 Bb2 24.Rc2 Bxa3 25.Qd4 Bf5 26.Ne6 Qxd4 27.Nfxd4 Bxc2 28.Nxc2  1-0

[Event "Budapest FS07 IM"]
[Site "Budapest"]
[Date "1999.07.11"]
[Round "9"]
[White "Balogh, Csaba"]
[Black "Friedrichs, Klaus"]
[Result "1/2-1/2"]
[WhiteElo "2235"]
[BlackElo "2148"]

1.e4 c5 2.Nf3 Nc6 3.Bb5 g6 4.Bxc6 dxc6 5.d3 Bg7 6.h3 e5 7.Be3 Qe7 8.Qd2 Nf6
9.Qc3 Nd7 10.a4 a5 11.Nbd2 b6 12.Nc4 Rb8 13.Qd2 O-O 14.Bh6 f6 15.h4 Rd8 16.Bxg7 Qxg7
17.h5 g5 18.h6 Qe7 19.Ng1 Nf8 20.Ne3 Be6 21.b3 b5 22.Qc3 c4 23.bxc4 bxc4
24.Nxc4 Qc5 25.Qa3 Qxa3 26.Nxa3 Rd4 27.Nb1 Rbb4 28.Nc3 c5 29.Nf3 Rd8 30.Ke2 c4
31.Rhb1 cxd3+ 32.cxd3 Bb3 33.Nd5 Bxd5 34.Rxb4 axb4 35.exd5 Rxd5 36.a5 Rd7
37.Nd2 Ne6 38.Nb3 Ra7 39.a6 Nd4+ 40.Nxd4 exd4 41.Ra4 Kf7 42.Rxb4 Rxa6 43.Rxd4 Kg6
44.Ke3 Kxh6  1/2-1/2

[Event "SVK-ch"]
[Site "Nove Zamky"]
[Date "1999.07.11"]
[Round "9"]
[White "Strachan, Jan"]
[Black "Janko, Z."]
[Result "1/2-1/2"]
[WhiteElo "2185"]
[BlackElo "2090"]

1.e4 c5 2.Nf3 Nc6 3.Bb5 e6 4.Bxc6 bxc6 5.e5 Be7 6.O-O f6 7.d3 fxe5 8.Nxe5 Nf6
9.c4 O-O 10.f4 Qc7 11.Nc3 d5 12.Qe2 Bd6 13.Bd2 Ba6 14.b3 Bxe5 15.Qxe5 Qxe5
16.fxe5 Nd7 17.Na4  1/2-1/2

[Event "Bydgoszcz Bank Pocztowy op"]
[Site "Bydgoszcz"]
[Date "1999.07.12"]
[Round "1"]
[White "Prihotko, Alexander"]
[Black "Agamaliev, Gamil"]
[Result "0-1"]
[WhiteElo "2258"]
[BlackElo "2478"]

1.e4 c5 2.Nf3 Nc6 3.Bb5 g6 4.O-O Bg7 5.Re1 Nf6 6.e5 Nd5 7.Nc3 Nc7 8.Bxc6 dxc6
9.d3 O-O 10.h3 b6 11.Rb1 a5 12.a3 Ne6 13.Bd2 Nd4 14.b4 axb4 15.axb4 cxb4
16.Nxd4 bxc3 17.Bxc3 c5 18.Nf3 Bb7 19.Nd2 Ra3 20.Ba1 Qc7 21.Nc4 Ra6 22.Qg4 Rfa8
23.Bc3 Qc6 24.Qe4 b5 25.Qxc6 Bxc6 26.Nd2 Ra2 27.Bb2 e6 28.Ne4 Bf8 29.Nc3 R2a5
30.Ne4 Ra4 31.Nd2 Ra2 32.Nb3 Bd5 33.Nc1 R2a7 34.Ne2 b4 35.Nc1 Rd8 36.Rd1 Bc6
37.Nb3 Rad7 38.Re1 Ba4 39.Bc1 h6 40.Re4 Bc6 41.Re1 Ra8 42.Kf1 Bd5 43.Nd2 Ra2
44.Bb2 Be7 45.Red1 Bc6 46.Nb3 c4 47.Nd4 Bd5 48.dxc4 Bxc4+ 49.Ke1 Bc5 50.c3 Rd5
51.Nf3 Rxd1+ 52.Kxd1 Bd3  0-1

[Event "Bydgoszcz Bank Pocztowy op"]
[Site "Bydgoszcz"]
[Date "1999.07.14"]
[Round "3"]
[White "Sulskis, Sarunas"]
[Black "Agamaliev, Gamil"]
[Result "1-0"]
[WhiteElo "2521"]
[BlackElo "2478"]

1.e4 c5 2.Nf3 Nc6 3.Bb5 g6 4.Bxc6 dxc6 5.d3 Bg4 6.Nbd2 Bg7 7.h3 Bxf3 8.Nxf3 e5
9.Be3 Qe7 10.O-O Nf6 11.a3 O-O 12.Qd2 b6 13.b4 c4 14.Qc3 cxd3 15.cxd3 Rac8
16.a4 c5 17.Rfc1 Nh5 18.bxc5 Nf4 19.Bxf4 exf4 20.e5 Rxc5 21.Qe1 g5 22.Rxc5 bxc5
23.Qe4 Re8 24.Rb1 Bxe5 25.Rb7 Qf6 26.Rxa7 Re6 27.Qd5 h5 28.Qxc5 g4 29.Qc8+ Kg7
30.hxg4 hxg4 31.Ng5 Rc6 32.Qxg4 Rc1+ 33.Kh2 Qh6+ 34.Nh3+ Kf8 35.Qf5 Qe6 36.Ra8+ Ke7
37.Ra7+ Kf8 38.Qxe6 fxe6 39.Ng5 Rc6 40.Kh3 Bd4 41.Rc7  1-0

[Event "Politiken Cup"]
[Site "Copenhagen"]
[Date "1999.07.14"]
[Round "11"]
[White "El Kher, Henrik"]
[Black "Schandorff, Lars"]
[Result "0-1"]
[WhiteElo "2332"]
[BlackElo "2514"]

1.e4 c5 2.Nf3 Nc6 3.Bb5 e6 4.O-O Nge7 5.Nc3 Ng6 6.Bxc6 bxc6 7.e5 f6 8.exf6 gxf6
9.d3 d5 10.b3 Bd6 11.Na4 Qe7 12.c4 e5 13.Be3 Be6 14.Nd2 O-O 15.cxd5 cxd5
16.Rc1 Rac8 17.Qc2 Kh8 18.Bxc5 Nf4 19.Nf3 Bg4 20.Kh1 Rg8 21.Nh4 Bxc5 22.Nxc5 Nxg2
23.Nxg2 Bf3 24.Rg1 Rxg2 25.Rxg2 Rg8 26.Rg1 Rxg2 27.Rxg2 Qg7 28.Ne6 Qxg2+  0-1

[Event "Komercni Banka op"]
[Site "Pardubice"]
[Date "1999.07.16"]
[Round "1"]
[White "Hracek, Zbynek"]
[Black "Nun, Josef"]
[Result "0-1"]
[WhiteElo "2629"]
[BlackElo "2319"]

1.e4 c5 2.Nf3 Nc6 3.Bb5 g6 4.O-O Bg7 5.Re1 e5 6.Bxc6 dxc6 7.d3 Ne7 8.Be3 b6
9.Nbd2 O-O 10.a4 f6 11.a5 Be6 12.Nc4 Bxc4 13.dxc4 Qc7 14.c3 Rad8 15.Qe2 Nc8
16.b4 cxb4 17.cxb4 Rf7 18.axb6 axb6 19.Ra6 Bf8 20.c5 bxc5 21.bxc5 Na7 22.Qc4 Kg7
23.h4 h5 24.Rea1 Nb5 25.Qe6 Rc8 26.Nd2 Re7 27.Qb3 Qd7 28.Nc4 Qe6 29.Rd1 Ree8
30.Qc2 Red8 31.Nb6 Rb8 32.g3 Qg4 33.Raa1 g5 34.hxg5 fxg5 35.Kh2 h4 36.Rg1 Kf6
37.f3 Qh5 38.g4 Qf7 39.Qc1 Bh6 40.Rd1 Kg6 41.Kg2 Bg7 42.Qc2 h3+ 43.Kg3 Nd4
44.Qf2 Nb3 45.Rxd8 Rxd8 46.Rh1 Bf8 47.Na4 Ra8 48.Rxh3 Rxa4 49.Rh5 Bh6 50.Qh2 Qf8
51.Rxg5+ Bxg5 52.Qh5+ Kf6 53.Bxg5+ Ke6 54.Qg6+ Kd7 55.Bf6 Nxc5 56.Qf5+ Ne6
57.g5 Ra8 58.Kg4 Ra1 59.Qh7+ Kd6 60.Qh2 Kd7 61.Bxe5 Ra3 62.f4 Nxg5 63.Kxg5 Qg8+
64.Kf6 Rg3  0-1

[Event "Bydgoszcz Bank Pocztowy op"]
[Site "Bydgoszcz"]
[Date "1999.07.17"]
[Round "6"]
[White "Solodovnichenko, Yuri"]
[Black "Fiodorov, Mikhail"]
[Result "1-0"]
[WhiteElo "2436"]
[BlackElo "2352"]

1.e4 c5 2.Nf3 Nc6 3.Bb5 g6 4.Bxc6 dxc6 5.d3 Bg7 6.Nc3 e5 7.Be3 b6 8.Qd2 Bg4
9.h3 Bxf3 10.gxf3 Qh4 11.O-O-O Bh6 12.Ne2 O-O-O 13.f4 Nf6 14.f3 exf4 15.Nxf4 Ne8
16.Ng2 Bxe3 17.Qxe3 Qf6 18.f4 Nc7 19.Qf3 Nb5 20.Ne3 Nd4 21.Qg4+ Kb7 22.Rhf1 Qe6
23.Qxe6 fxe6 24.Rf2 Rhf8 25.Rdf1 Rd7 26.Nc4 Kc7 27.Ne5 Rg7 28.h4 Nb5 29.Kd2 Nd6
30.Ke3 Nf7 31.Nf3 Kd7 32.Rg1 Rfg8 33.Rfg2 h6 34.c3 Ke7 35.a4 Kf6 36.e5+ Ke7
37.a5 b5 38.b4 cxb4 39.cxb4 a6 40.Nd4 g5 41.Ke4 Kd7 42.Nb3 g4 43.h5 g3 44.Nc5+ Ke7
45.Nxa6 Rg4 46.Kf3 Rh4 47.Rxg3 Rd8 48.Ke3 Rxh5 49.Nc5 Rh2 50.Rg6 h5 51.Rxe6+ Kf8
52.Rf6 Ke7 53.Rg7 Rf8 54.Ne4  1-0

[Event "Komercni Banka op"]
[Site "Pardubice"]
[Date "1999.07.17"]
[Round "2"]
[White "Oral, Tomas"]
[Black "Smetankin, Stanislav"]
[Result "1-0"]
[WhiteElo "2541"]
[BlackElo "2385"]

1.e4 c5 2.Nf3 Nc6 3.Bb5 Nf6 4.Nc3 g6 5.e5 Ng4 6.Bxc6 dxc6 7.h3 Nh6 8.g4 Bg7
9.d3 f5 10.g5 Nf7 11.Bf4 Be6 12.Qe2 Qd7 13.O-O-O O-O 14.h4 Qc7 15.h5 Bd5
16.Nxd5 cxd5 17.Nh4 Qb6 18.h6 Bh8 19.d4 Nd8 20.dxc5 Qc6 21.Bd2 f4 22.Qd3 Rf7
23.Bc3 e6 24.Nxg6 hxg6 25.Qxg6+ Kf8 26.Qd3 Rf5 27.g6 Ke7 28.Rdg1 Nf7 29.gxf7 Rf8
30.Rg8 d4 31.Rhg1 R5xf7 32.Rxf8 Rxf8 33.Bxd4 Rf5 34.Bc3 Qxc5 35.Qd6+  1-0

[Event "Bydgoszcz Bank Pocztowy op"]
[Site "Bydgoszcz"]
[Date "1999.07.20"]
[Round "9"]
[White "Sosnicki, Michal"]
[Black "Struk, Jerzy"]
[Result "1-0"]
[WhiteElo "2335"]
[BlackElo "2270"]

1.e4 c5 2.Nf3 Nc6 3.Bb5 g6 4.O-O Bg7 5.Re1 Qb6 6.Bxc6 dxc6 7.Nc3 Nf6 8.h3 O-O
9.d3 Qc7 10.Be3 b6 11.Qc1 e5 12.a3 Ba6 13.b4 cxb4 14.axb4 Bb7 15.Qb2 Rfe8
16.b5 c5 17.Ra4 h6 18.Rea1 Bc8 19.Nb1 Kh7 20.c4 Nh5 21.Nc3 Nf4 22.Nd5 Nxd5
23.cxd5 Bd7 24.R1a3 a5 25.Nd2 f5 26.f3 f4 27.Bf2 Bf8 28.Nc4 Bd6 29.Ra1 Rg8
30.Kf1 g5 31.Ke2 h5 32.Rh1 Kg6 33.Raa1 h4 34.Rhc1 Kh6 35.Be1 Rge8 36.Bc3 Qb8
37.Kd2 Kh5 38.Kc2 Kh6 39.Kb1 Ra7 40.Ka2 Ra8 41.Ka3 Ra7 42.Ka4 Bc8 43.Rc2 Rf7
44.Rac1 Bd7 45.Be1 Rf6 46.Bf2 Rg6 47.Qa3 Re7 48.Nxd6 Qxd6 49.Rb2 Re8 50.Bxc5 bxc5
51.Qxc5 Ra8 52.Qxd6 Rxd6 53.d4 exd4 54.Rc5 Kg6 55.e5 Rb6 56.Rc7 Be8 57.d6 Bf7
58.Rc6 Rxc6 59.bxc6 Kf5 60.d7 Bd5 61.Kb5 Ke6 62.Kc5 d3 63.Rd2 a4 64.Rxd3 Bxc6
65.d8=Q Rxd8 66.Rxd8 Bb7 67.Rb8 Bxf3 68.gxf3 g4 69.hxg4 Kxe5 70.Kb4  1-0